Directory commercial e industrial 2014.
| Format: | Book |
|---|---|
| Published: |
San Salvador:
Camara De Comercio E Industria De El Salvador,
2014.
|
| Subjects: |
| LEADER | 00424cam a2200121 7i4500 | ||
|---|---|---|---|
| 001 | 0000032542 | ||
| 005 | 20150812090000.0 | ||
| 090 | 0 | 0 | |a EL. S 338.7025 |b DIR |
| 245 | 0 | 4 | |a Directory commercial e industrial 2014. |
| 260 | 0 | 0 | |a San Salvador: |b Camara De Comercio E Industria De El Salvador, |c 2014. |
| 300 | # | # | |a 320 pages. |
| 650 | 0 | 0 | |a Business -- |x Directories -- |z ElSalvador |
| 999 | |a 0000034882 |b Directories |c Countries |e Business Information Centre | ||